00503 2200181 4500245005200000020002200052250001100074100001800085700001700103700002900120650002100149005001900170260007600189041001400265084001000279300002300289336000900312 aRandi dan Hutan Bukit GiricDawud AchronihText a978-602-437-796-0 aCet. 1 aDawud Achroni aBudi Prianto aAnita Astriawati Ningrum aCerita Bergambar a20240926125758 aJakartabKementerian Pendidikan, Kebudayaan, Riset, dan Teknologic2019 aIndonesia a741.5 a18 hlm. :c29,7 cm atext